Football players nicknames - Statistics

General Stats
  • This quiz has been taken 567 times
  • The average score is 8 of 15
Answer Stats
Question Answer % Correct
El Nino Fernando Torres
95%
El Matador Edinson Cavani
80%
The Baby-faced Assasin Ole Gunnar Solskjær
80%
The Divine Ponnytail Roberto Baggio
77%
Der Bomber Gerd Muller
70%
Titi Theirry Henry
70%
The king Eric Cantona
66%
Ginger Ninja Paul Scholes
61%
Ice Man Ediur Gudjohnesen
50%
L'Imperatore Adriano
45%
Wonder boy Michael Owen
39%
Le Sulk Nicolas Anelka
39%
Atomic Flea Lionel Messi
34%
Psycho Stuart Pearce
23%
The Tractor Javier Zanetti
18%
No matching quizzes found
Score Distribution
Percent of People with Each Score
Percentile by Number Answered
Your Score History
You have not taken this quiz